Design of the upper structure of the visitor platform

Gespeichert in:
Bibliographische Detailangaben
1. Verfasser: Halata, Taras (Verfasst von)
Weitere Verfasser: Sonnenschein, Róbert (Betreuung Doktorarbeit)
Format: Manuskript Buch
Sprache:Slowakisch
Englisch
Veröffentlicht: 2025
Schlagworte:
Online-Zugang:http://is.stuba.sk/zp/portal_zp.pl?podrobnosti=180135
CRZP
Tags: Tag hinzufügen
Keine Tags, Fügen Sie das erste Tag hinzu!

MARC

LEADER 00000ntm a22000003a 4500
001 stuzp105569
003 SK-STU
005 20250724104316.5
007 ta
008 150427s2015----xo-----f-mn---000-0-slo-d
040 |a STU  |b slo 
041 0 |a eng 
100 1 |a Halata, Taras  |u 010110  |4 aut  |U SvF Stavebná fakulta  |T SvF Katedra betónových konštrukcií a mostov  |X 123759  |U V110  |Y 11  |7 123759 
242 0 1 |a Návrh vrchnej konštrukcie plošiny pre návštevníkov  |y slo 
245 1 0 |a Design of the upper structure of the visitor platform 
260 |c 2025 
650 4 |a ULS  |2 slo 
650 4 |a SLS  |2 slo 
650 4 |a Plán armovania  |2 slo 
650 4 |a ULS  |2 eng 
650 4 |a SLS  |2 eng 
650 4 |a Reinforcement Plan  |2 eng 
700 1 |a Sonnenschein, Róbert  |u 010110  |k Z1  |4 ths  |U SvF Stavebná fakulta  |T SvF Katedra betónových konštrukcií a mostov  |X 28824  |U V110  |Y 11  |7 A000028824 
856 4 |u http://is.stuba.sk/zp/portal_zp.pl?podrobnosti=180135 
856 4 |u https://opac.crzp.sk/?fn=detailBiblioForm&sid=C9A1C75A261DD259F982471E26A3  |z CRZP